02558nam0a2200397 4500001001900000005001700019010001800036021001900054035002200073035002600095100004100121101000800162102000700170105001800177106000600195200045500201205004500656210003700701215002200738225010300760320004900863606014000912610043501052610004601487686002401533686001701557686003001574686001901604701009701623701012301720701011301843701011901956801003102075801002602106801002802132RU\NLR\bibl\73791020260405072933.0 a5-86324-109-8 aRUb2004-61470 aRSL-KNO-002485222 a(NLR Aleph) 000727820 a20041006d2004 |||y0rusy50 ca0 arus aRU aa ||||||||| ar1 aСиндром гиперстимуляции яичниковeпрактическое руководствоfИ. Е. Корнеева, Е.А. Калинина, Д.П. Камилова, А.В. ИвановаgРос. акад. мед. наук, Науч. центр акушерства, гинекологии и перинатологии, Отд-ние сохранения и восстановления репродуктив. функции a2-е изд., перераб. и доп. aМоскваcНИКИЭТd2004 a56 с.cил.d211 aСохранение и восстановление репродуктивной функции aБиблиогр.: с. 47-56 (126 назв.)1 aГиперстимуляции яичников синдромjРуководства, пособия и т.п.3RU\NLR\auth\6613358640 aЗдравоохранение. Медицинские науки -- Гинекология -- Физиология и патофизиология женского организма -- Гинекологическая эндокринология -- Физиология и патология функций яичников -- Практические руководства. Методические рекомендации0 aгиперфункция яичников aР712.55я812rubbk aР715.55я77 aР569.715.2 Рак-48я77 aР712.54-5я77 140708rus7caaКорнееваbИ.Е.gИрина Евгеньевна3RU\NLR\auth\7725341 140708rus7caaКалининаbЕ.А.cд-р мед. наукgЕлена Анатольевна3RU\NLR\auth\7725342 140708rus7caaКамиловаbД.П.gДилоромхон Пулатджановна3RU\NLR\auth\7725335 140708rus7caaИвановаbА. В.cспециалист в обл. гинекологии3RU\NLR\AUTH\7725340 0aRUbRuMoRKPc20041006grcr 1aRUbRuMoRGBc20041006 2aRUbNLRc20050322gPSBO